000 00503nam a2200169Ia 4500
999 _c2957
_d2957
003 OSt
005 20200813114852.0
008 190216s9999||||xx |||||||||||||| ||und||
020 _a9788173192951
040 _coclc
082 _a547.308
_bMOH/O
100 _aMohan, Jag
_94099
245 0 _aOrganic Spectroscopy Principles And Applications /
_cJag Mohan
260 _bNarosa Pubs House,
_c2001.
_aNew Delhi:
300 _a512p
942 _cBK
_2ddc
_h547.308
_iMOH/O
_k547.308
_mMOH/O